000 00611nam a2200229Ia 4500
008 170203s9999 xx 000 0 und d
020 _a9780194312431
050 _a0 30
050 _bOx98 2002
245 _aOxford collocations dictionary :
245 _bfor students of English /
260 _aOxford :
260 _bOxford University Press,
260 _c2002
300 _axiii, 897 pages :
300 _b illustrations ;
300 _c24 cm.
650 _aCollocation (Linguistics) --
650 _aEnglish language -- Idioms --
650 _xDictionaries.
650 _xDictionaries.
999 _c305716
_d305716